Rosco de Pasapalabra #22 - Estadísticas

Estadísticas generales
  • Esta prueba ha sido intentada 534 veces
  • La puntuación promedio es 11 de 25
Estadísticas de respuestas
Inicial Definición Respuesta % Correcto
C Pieza de la armadura antigua que cubría y protegía la cabeza Casco
94%
J Gerundio del verbo jalar Jalando
88%
M Ciudad de Alemania que es capital del estado federado de Baviera Múnich
78%
D Cuerpo geométrico de doce caras Dodecaedro
77%
Contiene la Q Armazón en forma de cuerpo humano, que se usa para probar, arreglar o exhibir prendas de ropa Maniquí
76%
R Bañar un alimento en huevo batido, harina o pan rallado Rebozar
73%
N Conocimiento o idea que se tiene de algo Noción
71%
B Impedir o entorpecer la realización de un acto o de un proceso como medio de presión para conseguir algo Boicotear
57%
F Coloquialmente, bocadillo largo y estrecho Flauta
56%
T Mamífero del tamaño de un ratón, de ojos diminutos y fuertes uñas que vive en galerías subterráneas. Topo
54%
G Voz inglesa que designa la zona de césped que está situada alrededor de cada hoyo en un campo de golf Green
52%
I Escrito breve hecho en un registro, sobre una piedra o en una moneda Inscripción
51%
V Situación de superioridad o adelanto en que se encuentra una persona o cosa respecto de otra Ventaja
50%
Contiene la Y Perro de pelaje espeso, con orejas en punta, que se utiliza en las regiones árticas para tirar de los trineos Husky
49%
A Lenguaje especial entre personas de un mismo oficio Argot
43%
O En el juego del mus, envite del resto Órdago
43%
L Masa gaseosa en combustión, que se eleva de los cuerpos que arden y produce luz y calor Llama
33%
S Documento que se entrega a alguien para que pueda viajar por cierto sitio libremente Salvoconducto
27%
U Coche de reducidas dimensiones y bajo coste Utilitario
25%
Z Autor de textos de zarzuelas Zarzuelista
18%
Contiene la Ñ Campanario formado por una sola pared, con uno o más huecos para colocar las campanas Espadaña
7%
Contiene la X Dar forma a una masa metálica o plástica, haciéndola salir por una abertura especialmente dispuesta Extrudir
7%
E Título de la película de 1996, dirigida por Steve Rash y protagonizada por Whoopi Goldberg Eddie
1%
H Persona del pueblo asiático que entró en Egipto en el siglo 18 a.C. y formó la decimoquinta dinastía Hicso
1%
P Apellido del pintor autor de la obra 'Fiesta nocturna en Saint-Pol-de-Léon' Puigaudeau
1%
No se encontraron pruebas coincidentes
Distribución de puntuación
Porcentaje de gente con cada puntuación
Porcentaje por número respondido
Historial de tus puntuaciones
No has intentado esta prueba.